1535 1092 1172 1302 1571 1424 1505 1335 1347 1877 1761 1951 1333 1146 1043 1430 1669 1660 1169 1953 1133 1513 1558 1675 1335 1799 1465 1715 1889 1978 1908 1511 1932 1418 1132 1842 1748 1905 1203 1210 1130 1635 1757 1393 1211 1577 1779 1696 1258 1811 1485 1657 1006 1537 1140 1750 1755 1866 1735 1156 1629 1066 1821 1117 1876 1469 1579 1593 1687 1797 1876 1097 1931 1142 1221 1613 1031 1258 1441 1932 1302 1678 1527 1467 1399 1040 1810 1906 1101 1406 1346 1173 1697 1230 1806 1454 1563 1990 1402 BCNSPRNW ULIB Ver.6.0+V

เปลี่ยนเป็นภาษาไทย

Change to English
 แสดงรายละเอียดบรรณานุกรม
  กลับหน้าหลัก

Brief Record : Get Marc (ISO 2709) : E-mail record : QR code < ปิดหน้าต่าง
LEADER : 00000nam 2200000uu 4500
001    13399113994
003     ULIB
008    110627s||||||||th 000 0 tha d
020    9789747503104
090    นว.^bว859ห 2550
100 0  วีสาม & bookmark
245 00 หัวใจปลายพู่กัน/^cวีสาม & bookmark
250    พิมพ์ครั้งที่ 2
260    กรุงเทพฯ :^bแจ่มใส,^c2550
300    292 หน้า
710 1  แจ่มใส
945    ^p199^l0^i021724
995    ทศพร
999 ^a ใช้งานได้ทุกระบบ
รายการนี้ยังไม่มีแท็ก
คุณยังไม่ได้ล็อกอิน คุณสามารถมีกิจกรรมร่วมกับเว็บไซต์ได้ แต่ต้องล็อกอินก่อน ::
  ล็อกอิน

รายการสื่อสารสนเทศ

ลำดับที่ ประเภท เลขเรียก/บาร์โค้ด สถานที่ สถานะ
1. นวนิยาย
นวนิยาย
นว. ว859ห 2550 ฉ.1 
  Barcode: 021724
ห้องสมุดวิทยาเขตสวรรค์ประชารักษ์
►นวนิยาย
บนชั้น
  ขอยืม

BibComment


ยังไม่เคยถูกคอมเมนท์

คอมเมนท์ทรัพยากรรายการนี้
  คอมเมนท์: หัวใจปลายพู่กัน ว..


 Copyright 2026. Bcnsprnw @Library